LEADER 04344nam 22006615 450 001 9910731466103321 005 20251009075016.0 010 $a9789819920761 010 $a9819920760 024 7 $a10.1007/978-981-99-2076-1 035 $a(MiAaPQ)EBC30593507 035 $a(Au-PeEL)EBL30593507 035 $a(DE-He213)978-981-99-2076-1 035 $a(CKB)26961158800041 035 $a(OCoLC)1390572418 035 $a(EXLCZ)9926961158800041 100 $a20230613d2023 u| 0 101 0 $aeng 135 $aurcnu|||||||| 181 $ctxt$2rdacontent 182 $cc$2rdamedia 183 $acr$2rdacarrier 200 10$aJapanese Population Geographies II $eMinority Populations and Future Prospects /$fedited by Yoshitaka Ishikawa 205 $a1st ed. 2023. 210 1$aSingapore :$cSpringer Nature Singapore :$cImprint: Springer,$d2023. 215 $a1 online resource (95 pages) 225 1 $aPopulation Studies of Japan,$x2198-2732 311 08$aPrint version: Ishikawa, Yoshitaka Japanese Population Geographies II Singapore : Springer,c2023 9789819920754 327 $aInvestigating Empirical Validity of Heterolocalism: Focusing on Turkish Residential Patterns in Aichi Prefecture -- Examining Geographic Distribution of LGBTs in Osaka City, Japan -- Future Prospects of Regional Population in Japan -- Future Projection of Accessibility to Hospital Beds in the Suburbs: The Case of the Northern Osaka Metropolitan Area -- Toward a Politico-Economic Population Geography: A Critique of The Shock of a Shrinking Japan. 330 $aThis is the first anthology that conveys in detail the actual situation of population geographies in Japan, a country facing some of the world's most serious demographic trends such as low fertility, population aging, and depopulation. The anthology consists of two volumes with the common title Japanese Population Geographies. All of the included entries are based on original Japanese papers written by leading geographers and published within the past few years, useful for understanding Japan?s current population geographies. The first volume analyzes the postwar transition of internal migration, examining the structural changes of population in urban areas, and proposes a new measure different from the traditional resident population. This volume also presents an investigation of the retirement migration of baby boomers as well as displacement migration due to the 2011 Great East Japan Earthquake. The second volume?s contents examine the residential choicesof minority populations such as foreign residents and sexual minorities. It also discusses future prospects associated with mono-polar concentration into Tokyo, regional forecasting using population projections based on small-area units, and the importance of a politico?economic perspective in future research. Taken as a whole, this anthology offers the following two significant contributions. First, the excellent achievements obtained in Japan, which is experiencing serious demographic trends, reflect key developments within the context of the world's population geography. The second contribution is that the publication brings the latest insights and important policy implications to countries that are facing various issues associated with decreasing fertility, aging population, and declining population. 410 0$aPopulation Studies of Japan,$x2198-2732 606 $aDemography 606 $aPopulation 606 $aEmigration and immigration$xSocial aspects 606 $aHuman geography 606 $aPopulation biology 606 $aPopulation and Demography 606 $aSociology of Migration 606 $aHuman Geography 606 $aPopulation Dynamics 615 0$aDemography. 615 0$aPopulation. 615 0$aEmigration and immigration$xSocial aspects. 615 0$aHuman geography. 615 0$aPopulation biology. 615 14$aPopulation and Demography. 615 24$aSociology of Migration. 615 24$aHuman Geography. 615 24$aPopulation Dynamics. 676 $a304.60952 700 $aIshikawa$b Yoshitaka$0286667 801 0$bMiAaPQ 801 1$bMiAaPQ 801 2$bMiAaPQ 906 $aBOOK 912 $a9910731466103321 996 $aJapanese Population Geographies II$93395223 997 $aUNINA